[Event "V. Korchnoy Memorial 2018"]
[Site "St. Petersburg"]
[Date "2018.08.19"]
[Round "5"]
[White "Hamitevici, Vladimir"]
[Black "Mchedlishvili, Mikheil"]
[Result "1-0"]
[WhiteElo "2502"]
[BlackElo "2608"]
[Annotator "ChessBase"]
[PlyCount "85"]
[EventDate "2018.08.15"]
[EventType "swiss"]
[EventCountry "RUS"]
[SourceTitle "playchess.com"]
[Source "ChessBase"]
[SourceQuality "1"]
[TimeControl "5400+30"]

1. c4 {[%emt 0:00:35]} e5 {[%emt 0:00:07]} 2. d3 {[%emt 0:01:05]} Nf6 {[%emt 0:01:55]} 3. Nf3 {[%emt 0:01:05]} Bb4+ {[%emt 0:04:12]} 4. Nbd2 {[%emt 0:01:24]} Qe7 {[%emt 0:08:44]} 5. a3 {[%emt 0:01:58]} Bxd2+ {[%emt 0:04:05]} 6. Bxd2 {[%emt 0:00:38]} e4 {[%emt 0:01:42]} 7. Nd4 {[%emt 0:09:19]} O-O {[%emt 0:09:39]} 8. Nb5 {[%emt 0:11:32]} Na6 {[%emt 0:02:16]} 9. d4 {[%emt 0:02:16]} d5 {[%emt 0:07:27]} 10. c5 {[%emt 0:06:04]} Bd7 {[%emt 0:07:18]} 11. Nc3 {[%emt 0:04:35]} c6 {[%emt 0:14:31]} 12. Bf4 {[%emt 0:02:36]} Ne8 {[%emt 0:00:29]} 13. Qd2 {[%emt 0:09:48]} Nac7 {[%emt 0:02:09]} 14. f3 {[%emt 0:00:26]} Bf5 {[%emt 0:03:11]} 15. g4 {[%emt 0:05:13]} Bg6 {[%emt 0:01:23]} 16. Bg2 {[%emt 0:00:16]} exf3 {[%emt 0:02:13]} 17. Bxf3 {[%emt 0:00:37]} Ne6 {[%emt 0:00:37]} 18. Bg3 {[%emt 0:08:48]} f5 {[%emt 0:07:04]} 19. gxf5 {[%emt 0:01:21]} Bxf5 {[%emt 0:00:15]} 20. h4 {[%emt 0:01:39]} Rf7 {[%emt 0:03:04]} 21. b4 {[%emt 0:07:12]} Nf6 {[%emt 0:01:27]} 22. Bd6 {[%emt 0:01:04]} Qd7 {[%emt 0:03:21]} 23. Rg1 {[%emt 0:06:06]} b6 {[%emt 0:00:54]} 24. h5 {[%emt 0:03:59]} Re8 {[%emt 0:01:16]} 25. O-O-O {[%emt 0:00:50]} bxc5 {[%emt 0:01:39]} 26. dxc5 {[%emt 0:03:34]} d4 {[%emt 0:01:10]} 27. Na4 {[%emt 0:01:04]} Be4 {[%emt 0:03:04]} 28. h6 {[%emt 0:02:10]} g6 {[%emt 0:00:45]} 29. Nb2 {[%emt 0:03:52]} a5 {[%emt 0:03:10]} 30. bxa5 {[%emt 0:00:24]} Qa7 {[%emt 0:01:49]} 31. Na4 {[%emt 0:00:33]} Bxf3 {[%emt 0:00:53]} 32. exf3 {[%emt 0:00:03]} Nd5 {[%emt 0:00:07]} 33. Rde1 {[%emt 0:01:43]} Rxf3 {[%emt 0:01:52]} 34. Qc2 {[%emt 0:00:16]} Qf7 {[%emt 0:00:24]} 35. a6 {[%emt 0:00:38]} d3 {[%emt 0:01:27]} 36. Qc4 {[%emt 0:01:24]} Qf6 {[%emt 0:01:30]} 37. Be5 {[%emt 0:00:45]} Qf5 {[%emt 0:00:18]} 38. Qe4 {[%emt 0:00:40]} Qf7 {[%emt 0:00:17]} 39. Bb2 {[%emt 0:01:18]} d2+ {[%emt 0:01:10]} 40. Kxd2 {[%emt 0:00:05]} Qf8 {[%emt 0:00:33]} 41. Rxg6+ {[%emt 0:00:31]} hxg6 {[%emt 0:00:01]} 42. Qxg6+ {[%emt 0:00:07]} Ng7 {[%emt 0:00:04]} 43. h7+ {[%emt 0:00:24]} 1-0

[Event "V. Korchnoy Memorial 2018"]
[Site "St. Petersburg"]
[Date "2018.08.19"]
[Round "5"]
[White "Burmakin, Vladimir"]
[Black "Chigaev, Maksim"]
[Result "1/2-1/2"]
[WhiteElo "2494"]
[BlackElo "2577"]
[Annotator "TA"]
[PlyCount "80"]
[EventDate "2018.08.15"]
[EventType "swiss"]
[EventCountry "RUS"]
[SourceTitle "playchess.com"]
[Source "ChessBase"]
[SourceQuality "1"]

{[%evp 10,80,0,-12,6,8,0,-16,-10,-11,-16,-17,-11,-36,-34,-29,-30,-25,-25,-29,-15,-15,0,-14,-12,-21,5,-10,18,-17,1,-14,3,0,14,0,0,0,0,0,0,0,0,0,0,0,0,0,4,0,0,0,0,0,0,0,0,0,0,0,0,2,2,0,4,0,4,0,4,0,4,0,4]} 1. Nf3 g6 2. g3 Bg7 3. d4 c5 4. dxc5 Qa5+ 5. c3 Qxc5 6. Be3 {LiveBook: 3 Games. A40: Unusual replies to 1 d4} Qa5 7. Bg2 Nf6 8. Nbd2 O-O 9. Nb3 Qc7 10. O-O Nc6 11. Bd4 $146 ({Predecessor:} 11. h3 d5 12. Qc1 {0-1 (31) Al Huwar,J (2256)-Safarli,E (2628) Sharjah 2014}) 11... Rd8 12. Bxf6 Bxf6 13. e4 d6 14. Qe2 Be6 15. Rfd1 {The position is equal.} Rac8 16. Nbd4 {[%cal Bb3d4,Bd4c2,Bc2e3,Be3d5][%mdl 32]} Bd7 17. Nc2 Qb8 18. Ne3 Bg7 19. Nd4 Re8 20. Rd2 a6 21. Nxc6 Bxc6 22. Nd5 Qa7 23. a4 a5 24. Qe3 Qxe3 25. Nxe3 Bh6 26. Rd3 Bxe3 27. Rxe3 Kf8 28. b3 e5 29. c4 Ke7 30. Rd1 Rcd8 31. Red3 b6 32. f4 f6 33. Kf2 Bb7 34. Ke3 Bc6 35. Bf3 Rg8 36. Bg4 Rge8 37. Bf3 Rg8 38. Bg4 Rge8 39. Bf3 Rg8 40. Bg4 Rge8 {Precision: White = 67%, Black = 71%.} 1/2-1/2

[Event "V. Korchnoy Memorial 2018"]
[Site "St. Petersburg"]
[Date "2018.08.19"]
[Round "5"]
[White "Savitskiy, Sergey"]
[Black "Levin, Evgeny A"]
[Result "1/2-1/2"]
[WhiteElo "2418"]
[BlackElo "2523"]
[Annotator "RC"]
[PlyCount "80"]
[EventDate "2018.08.15"]
[EventType "swiss"]
[EventCountry "RUS"]
[SourceTitle "playchess.com"]
[Source "ChessBase"]
[SourceQuality "1"]
[TimeControl "5400+30"]

1. e4 {[%emt 0:00:00]} c5 {[%emt 0:03:33]} 2. Nf3 {[%emt 0:00:00]} d6 {[%emt 0:00:05]} 3. d4 {[%emt 0:00:00]} Nf6 {[%emt 0:00:05]} 4. Nc3 {[%emt 0:00:00]} cxd4 {[%emt 0:00:05]} 5. Nxd4 {[%emt 0:00:00]} a6 {[%emt 0:00:04]} 6. Bg5 {[%emt 0:00:04]} e6 {[%emt 0:00:06]} 7. f4 {[%emt 0:04:25]} Qb6 {[%emt 0:01:27]} 8. Qd2 {[%emt 0:00:34]} Qxb2 {[%emt 0:00:19]} 9. Rb1 {[%emt 0:00:05]} Qa3 {[%emt 0:00:03]} 10. Be2 {[%emt 0:00:23]} Nbd7 {[%emt 0:11:19]} 11. O-O {[%emt 0:00:21]} Be7 {[%emt 0:02:38]} 12. f5 {[%emt 0:03:26]} e5 {[%emt 0:09:47]} 13. Ne6 {[%emt 0:00:55]} fxe6 {[%emt 0:00:29]} 14. fxe6 {[%emt 0:00:06]} O-O {[%emt 0:15:45]} 15. exd7 {[%emt 0:00:44]} Bxd7 {[%emt 0:00:04]} 16. Nd5 {[%emt 0:09:44]} Bd8 {[%emt 0:06:03]} 17. Bxf6 {[%emt 0:05:40]} Bxf6 {[%emt 0:09:59]} 18. Nxf6+ {[%emt 0:07:41]} Rxf6 {[%emt 0:11:29]} 19. Rxf6 {[%emt 0:21:40]} gxf6 {[%emt 0:00:04]} 20. Rb3 {[%emt 0:12:44]} Qc5+ {[%emt 0:01:39]} 21. Kh1 {[%emt 0:00:07]} Qd4 {[%emt 0:03:14]} 22. Qxd4 {[%emt 0:00:14]} exd4 {[%emt 0:00:04]} 23. Rxb7 {[%emt 0:02:11]} Bb5 {[%emt 0:11:37]} 24. Bg4 {[%emt 0:10:11]} Re8 {[%emt 0:00:32]} 25. Kg1 {[%emt 0:08:28]} Rxe4 {[%emt 0:01:06]} 26. Bf3 {[%emt 0:00:48]} Re1+ {[%emt 0:03:23]} 27. Kf2 {[%emt 0:00:05]} Re5 {[%emt 0:00:04]} 28. Rb6 {[%emt 0:02:58]} Rc5 {[%emt 0:00:09]} 29. Be4 {[%emt 0:00:08]} f5 {[%emt 0:01:28]} 30. Bd3 {[%emt 0:00:10]} Bxd3 {[%emt 0:00:22]} 31. cxd3 {[%emt 0:00:03]} Rc2+ {[%emt 0:00:41]} 32. Kf3 {[%emt 0:00:19]} Rxa2 {[%emt 0:00:13]} 33. Rxd6 {[%emt 0:00:06]} Kg7 {[%emt 0:01:06]} 34. Rxd4 {[%emt 0:00:19]} a5 {[%emt 0:00:23]} 35. Rd7+ {[%emt 0:01:00]} Kg6 {[%emt 0:00:03]} 36. Rd6+ {[%emt 0:00:18]} Kf7 {[%emt 0:02:32]} 37. Rd7+ {[%emt 0:01:04]} Kg6 {[%emt 0:00:03]} 38. Rd6+ {[%emt 0:00:07]} Kf7 {[%emt 0:00:03]} 39. Rd7+ {[%emt 0:00:05]} Kg6 {[%emt 0:00:05]} 40. Rd6+ {[%emt 0:00:04]} Kf7 {[%emt 0:00:06] Ke4} 1/2-1/2

[Event "V. Korchnoy Memorial 2018"]
[Site "St. Petersburg"]
[Date "2018.08.19"]
[Round "5"]
[White "Bykov, Oleg"]
[Black "Pridorozhni, Aleksei"]
[Result "1/2-1/2"]
[WhiteElo "2383"]
[BlackElo "2564"]
[Annotator "ChessBase"]
[PlyCount "81"]
[EventDate "2018.08.15"]
[EventType "swiss"]
[EventCountry "RUS"]
[SourceTitle "playchess.com"]
[Source "ChessBase"]
[SourceQuality "1"]
[TimeControl "5400+30"]

1. d4 {[%emt 0:00:00]} g6 {[%emt 0:01:04]} 2. c4 {[%emt 0:00:27]} Bg7 {[%emt 0:00:07]} 3. Nc3 {[%emt 0:00:14]} c5 {[%emt 0:00:09]} 4. d5 {[%emt 0:00:33]} Bxc3+ {[%emt 0:00:08]} 5. bxc3 {[%emt 0:00:02]} f5 {[%emt 0:00:06]} 6. Nf3 {[%emt 0:01:58]} d6 {[%emt 0:00:19]} 7. h4 {[%emt 0:02:55]} Nf6 {[%emt 0:00:15]} 8. Bg5 {[%emt 0:03:00]} Qa5 {[%emt 0:04:08]} 9. Bxf6 {[%emt 0:02:05]} exf6 {[%emt 0:02:49]} 10. Qc2 {[%emt 0:00:40]} h5 {[%emt 0:03:05]} 11. e3 {[%emt 0:01:26]} Nd7 {[%emt 0:01:01]} 12. Rb1 {[%emt 0:01:39]} Ne5 {[%emt 0:04:33]} 13. Nxe5 {[%emt 0:06:40]} fxe5 {[%emt 0:00:28]} 14. Bd3 {[%emt 0:06:45]} Qc7 {[%emt 0:03:58]} 15. f4 {[%emt 0:02:15]} exf4 {[%emt 0:07:06]} 16. exf4 {[%emt 0:00:11]} Bd7 {[%emt 0:01:00]} 17. O-O {[%emt 0:02:08]} Kf7 {[%emt 0:02:39]} 18. Qb3 {[%emt 0:02:49]} b6 {[%emt 0:00:33]} 19. a4 {[%emt 0:03:26]} Rhe8 {[%emt 0:01:03]} 20. Kf2 {[%emt 0:01:00]} Re7 {[%emt 0:01:19]} 21. Rfe1 {[%emt 0:00:08]} Rxe1 {[%emt 0:00:42]} 22. Rxe1 {[%emt 0:00:28]} Re8 {[%emt 0:00:06]} 23. g3 {[%emt 0:07:11]} Rxe1 {[%emt 0:00:56]} 24. Kxe1 {[%emt 0:00:03]} Ke8 {[%emt 0:00:11]} 25. Kd2 {[%emt 0:01:00]} Kd8 {[%emt 0:00:06]} 26. Bc2 {[%emt 0:01:23]} Kc8 {[%emt 0:00:07]} 27. Bd3 {[%emt 0:00:59]} Qd8 {[%emt 0:00:08]} 28. Bc2 {[%emt 0:15:36]} Kc7 {[%emt 0:02:14]} 29. Bd3 {[%emt 0:00:44]} Qc8 {[%emt 0:05:22]} 30. Bc2 {[%emt 0:00:45]} Qa6 {[%emt 0:00:48]} 31. Kc1 {[%emt 0:01:20]} Kd8 {[%emt 0:00:53]} 32. Kb2 {[%emt 0:01:45]} Ke7 {[%emt 0:00:53]} 33. Kc1 {[%emt 0:00:35]} Kf8 {[%emt 0:00:12]} 34. Kb2 {[%emt 0:00:31]} Qa5 {[%emt 0:00:48]} 35. Qa2 {[%emt 0:01:47]} Be8 {[%emt 0:01:08]} 36. Qb3 {[%emt 0:00:40]} Qa6 {[%emt 0:00:14]} 37. Kc1 {[%emt 0:00:49]} Kg7 {[%emt 0:00:54]} 38. Kd2 {[%emt 0:02:08]} Bd7 {[%emt 0:00:19]} 39. Kc1 {[%emt 0:00:57]} Qa5 {[%emt 0:00:29]} 40. Kb2 {[%emt 0:00:27]} Kg8 {[%emt 0:00:28]} 41. Qa2 {[%emt 0:00:28]} 1/2-1/2

[Event "V. Korchnoy Memorial 2018"]
[Site "St. Petersburg"]
[Date "2018.08.19"]
[Round "5"]
[White "Tran, Minh Thang"]
[Black "Paravyan, David"]
[Result "0-1"]
[WhiteElo "2335"]
[BlackElo "2630"]
[Annotator "ChessBase"]
[PlyCount "96"]
[EventDate "2018.08.15"]
[EventType "swiss"]
[EventCountry "RUS"]
[SourceTitle "playchess.com"]
[Source "ChessBase"]
[SourceQuality "1"]
[TimeControl "5400+30"]

1. d4 {[%emt 0:00:00]} Nf6 {[%emt 0:06:10]} 2. Bf4 {[%emt 0:00:00]} c5 {[%emt 0:00:03]} 3. e3 {[%emt 0:00:00]} Qb6 {[%emt 0:00:05]} 4. Nc3 {[%emt 0:00:00]} a6 {[%emt 0:00:09]} 5. a3 {[%emt 0:00:28]} d5 {[%emt 0:00:35]} 6. Nf3 {[%emt 0:03:47]} cxd4 {[%emt 0:04:28]} 7. exd4 {[%emt 0:00:36]} Bg4 {[%emt 0:00:05]} 8. Be2 {[%emt 0:01:24]} Nc6 {[%emt 0:00:35]} 9. Na4 {[%emt 0:00:37]} Qd8 {[%emt 0:17:06]} 10. Nc5 {[%emt 0:06:08]} e6 {[%emt 0:03:53]} 11. b4 {[%emt 0:08:00]} Ne4 {[%emt 0:15:50]} 12. Nxb7 {[%emt 0:06:50]} Qb6 {[%emt 0:03:34]} 13. Nc5 {[%emt 0:01:37]} Nc3 {[%emt 0:00:07]} 14. Qd3 {[%emt 0:00:41]} Nxe2 {[%emt 0:00:08]} 15. Kxe2 {[%emt 0:00:54]} Bf5 {[%emt 0:05:00]} 16. Qc3 {[%emt 0:04:28]} Qb5+ {[%emt 0:01:01]} 17. Kd2 {[%emt 0:02:17]} a5 {[%emt 0:05:14]} 18. bxa5 {[%emt 0:06:46]} Bxc5 {[%emt 0:01:57]} 19. dxc5 {[%emt 0:08:56]} O-O {[%emt 0:03:51]} 20. Nd4 {[%emt 0:02:49]} Nxd4 {[%emt 0:01:08]} 21. Qxd4 {[%emt 0:02:06]} Rxa5 {[%emt 0:00:26]} 22. a4 {[%emt 0:04:27]} Qxc5 {[%emt 0:01:20]} 23. Qxc5 {[%emt 0:00:38]} Rxc5 {[%emt 0:00:04]} 24. c3 {[%emt 0:02:17]} Ra8 {[%emt 0:01:07]} 25. Bd6 {[%emt 0:17:21]} Rca5 {[%emt 0:00:07]} 26. Ra3 {[%emt 0:00:03]} R5a6 {[%emt 0:03:56]} 27. Bb4 {[%emt 0:01:46]} Rxa4 {[%emt 0:00:22]} 28. Rha1 {[%emt 0:00:03]} Rxa3 {[%emt 0:00:04]} 29. Rxa3 {[%emt 0:00:02]} Rb8 {[%emt 0:03:46]} 30. Ke3 {[%emt 0:00:11]} h5 {[%emt 0:01:04]} 31. Ra5 {[%emt 0:02:10]} h4 {[%emt 0:03:23]} 32. f3 {[%emt 0:09:06]} Kh7 {[%emt 0:00:17]} 33. g4 {[%emt 0:00:28]} hxg3 {[%emt 0:02:40]} 34. hxg3 {[%emt 0:00:04]} Kg6 {[%emt 0:01:19]} 35. Ra2 {[%emt 0:01:41]} Kh7 {[%emt 0:10:45]} 36. Ra7 {[%emt 0:03:41]} Bg6 {[%emt 0:00:16]} 37. Kd4 {[%emt 0:00:33]} Rc8 {[%emt 0:01:01]} 38. Bc5 {[%emt 0:00:28]} Kg8 {[%emt 0:00:22]} 39. Ra6 {[%emt 0:01:52]} Bc2 {[%emt 0:01:05]} 40. Ra5 {[%emt 0:02:18]} Bd1 {[%emt 0:00:48]} 41. Ke3 {[%emt 0:00:40]} Kh7 {[%emt 0:00:09]} 42. Bb4 {[%emt 0:02:14]} Kg6 {[%emt 0:01:24]} 43. Rc5 {[%emt 0:00:31]} Ra8 {[%emt 0:00:54]} 44. Ba5 {[%emt 0:00:25]} Bb3 {[%emt 0:00:31]} 45. Kf4 {[%emt 0:00:34]} Bc4 {[%emt 0:00:34]} 46. Ke3 {[%emt 0:00:18]} Rh8 {[%emt 0:00:19]} 47. Bb4 {[%emt 0:00:44]} Rh2 {[%emt 0:00:15]} 48. Ra5 {[%emt 0:00:30]} e5 {[%emt 0:00:06]} 0-1

[Event "V. Korchnoy Memorial 2018"]
[Site "St. Petersburg"]
[Date "2018.08.20"]
[Round "6"]
[White "Kamsky, Gata"]
[Black "Burmakin, Vladimir"]
[Result "1/2-1/2"]
[WhiteElo "2675"]
[BlackElo "2494"]
[Annotator "TA"]
[PlyCount "94"]
[EventDate "2018.08.15"]
[EventType "swiss"]
[EventCountry "RUS"]
[SourceTitle "playchess.com"]
[Source "ChessBase"]
[SourceQuality "1"]

{[%evp 9,94,21,28,23,64,51,65,39,84,53,58,45,44,54,74,44,48,43,62,38,51,44,37,16,21,11,32,29,71,58,56,26,41,56,40,36,88,27,84,86,81,79,83,86,70,30,29,29,35,28,44,51,64,49,43,48,62,11,24,0,0,0,0,0,11,0,5,0,19,0,0,0,19,4,29,11,22,8,8,8,12,0,0,0,0,0,0]} 1. e4 d5 2. exd5 Qxd5 3. Nc3 Qd6 4. d4 Nf6 5. Nb5 (5. a3 c6 6. Bc4 Be6 7. Bxe6 Qxe6+ 8. Nge2 Qd7 9. O-O e6 10. Ng3 Be7 11. Nce4 Nxe4 12. Nxe4 Qd5 {0-1 (38) Mamedov,R (2709)-Carlsen,M (2834) chess.com INT 2018}) 5... Qd8 {LiveBook: 51 Partien} 6. Bf4 {B01: Skandinavische Verteidigung} Na6 7. Nf3 e6 $146 ({Vorgänger:} 7... Bg4 8. Bc4 e6 9. h3 Bh5 10. Qe2 c6 11. O-O-O Bb4 12. d5 Nxd5 13. Bxd5 cxd5 {0-1 (41) Finster,M (2134)-Hitzler,P (2131) Bayern 2005}) 8. c3 {Weiß steht etwas besser.} Be7 9. a4 O-O 10. Be2 c6 11. Na3 Nc7 12. O-O Ncd5 13. Be5 a5 14. Qb3 b6 15. Rad1 Ba6 16. c4 Nb4 17. Nc2 Nd7 18. Bf4 Nxc2 19. Qxc2 Re8 20. h3 Rc8 21. Bd3 Nf8 22. Rfe1 Bd6 (22... Bb4 $14) 23. Be5 (23. Ng5 $16 {[%cal Rd3h7]} Ng6 24. Bxd6 Qxg5 25. Qb3) 23... f6 (23... Bb4 $11 {bleibt in der Remisbreite.}) 24. c5 $16 Bxd3 25. Rxd3 Bb8 {[#]} 26. Bxb8 $1 Rxb8 27. cxb6 Qxb6 28. b3 Red8 29. Rc3 Rd5 30. g3 Rc8 31. Rc1 {[%cal Rc3c6]} h6 32. Kg2 {[%cal Rc3c6]} Kf7 33. Rc4 (33. Rc5 $14) 33... Ng6 $11 34. Qc3 (34. Qe4 {keeps more tension.} Ne7 35. Re1 c5 36. Rec1 Qxb3 37. dxc5 Qd3 38. Qxd3 Rxd3 39. Nd4) 34... Ne7 35. b4 axb4 36. Rxb4 Qa7 37. Qb3 Rc7 38. Rb8 c5 39. dxc5 Rcxc5 40. Rxc5 Qxc5 41. Rb7 Qc6 42. Qb4 $36 {[%mdl 2048] Weiss hat Initiative.} Qd6 {Die Stellung ist ausgeglichen.} 43. Qxd6 (43. Qc4 {is more complex.} Kg8 44. Qb3 Kf8 45. Qb2 Kg8 46. Rb6) 43... Rxd6 44. a5 e5 45. Nh4 {[#] Und Sf5 würde nun gewinnen.} g6 $1 46. Nxg6 Kxg6 47. Rxe7 {Droht Ta7 und aus.} Ra6 {Precision: Weiß = 26%, Schwarz = 47%.} 1/2-1/2

[Event "V. Korchnoy Memorial 2018"]
[Site "St. Petersburg"]
[Date "2018.08.20"]
[Round "6"]
[White "Paravyan, David"]
[Black "Golubov, Saveliy"]
[Result "1-0"]
[WhiteElo "2630"]
[BlackElo "2470"]
[Annotator "RC"]
[PlyCount "55"]
[EventDate "2018.08.15"]
[EventType "swiss"]
[EventCountry "RUS"]
[SourceTitle "playchess.com"]
[Source "ChessBase"]
[SourceQuality "1"]
[TimeControl "5400+30"]

1. e4 {[%emt 0:04:37]} e5 {[%emt 0:00:00]} 2. Nf3 {[%emt 0:00:04]} Nf6 {[%emt 0:00:00]} 3. Nxe5 {[%emt 0:00:04]} d6 {[%emt 0:00:00]} 4. Nf3 {[%emt 0:00:04]} Nxe4 {[%emt 0:00:10]} 5. d4 {[%emt 0:00:03]} d5 {[%emt 0:00:32]} 6. Bd3 {[%emt 0:00:06]} Bd6 {[%emt 0:00:16]} 7. O-O {[%emt 0:00:07]} O-O {[%emt 0:00:08]} 8. c4 {[%emt 0:00:01]} c6 {[%emt 0:00:16]} 9. Qb3 {[%emt 0:03:12]} dxc4 {[%emt 0:33:39]} 10. Bxc4 {[%emt 0:00:52]} Nd7 {[%emt 0:03:49]} 11. Re1 {[%emt 0:00:04]} Ndf6 {[%emt 0:04:54]} 12. Nbd2 {[%emt 0:16:34]} Nxd2 {[%emt 0:05:52]} 13. Bxd2 {[%emt 0:00:14]} Qb6 {[%emt 0:00:48]} 14. Qd3 {[%emt 0:24:24]} Qxb2 {[%emt 0:09:03]} 15. Rab1 {[%emt 0:00:14]} Qa3 {[%emt 0:00:17]} 16. Qc2 {[%emt 0:00:14]} Nd5 {[%emt 0:06:22]} 17. Rb3 {[%emt 0:19:47]} Qa4 {[%emt 0:00:14]} 18. Bxd5 {[%emt 0:01:27]} cxd5 {[%emt 0:00:08]} 19. Ng5 {[%emt 0:00:02]} g6 {[%emt 0:00:43]} 20. Nxh7 {[%emt 0:00:21]} Bf5 {[%emt 0:06:08]} 21. Nf6+ {[%emt 0:02:08]} Kg7 {[%emt 0:00:09]} 22. Bh6+ {[%emt 0:06:26]} Kxf6 {[%emt 0:02:08]} 23. g4 {[%emt 0:02:07]} Bf4 {[%emt 0:05:01]} 24. Qc7 {[%emt 0:00:35]} Bxh6 {[%emt 0:05:44]} 25. Qe5+ {[%emt 0:00:16]} Kg5 {[%emt 0:00:05]} 26. h4+ {[%emt 0:02:59]} Kxh4 {[%emt 0:03:42]} 27. Rh3+ {[%emt 0:00:36]} Kg5 {[%emt 0:00:12]} 28. Qe7+ {[%emt 0:00:27]} 1-0

[Event "V. Korchnoy Memorial 2018"]
[Site "St. Petersburg"]
[Date "2018.08.20"]
[Round "6"]
[White "Ponkratov, Pavel"]
[Black "Savitskiy, Sergey"]
[Result "1-0"]
[WhiteElo "2605"]
[BlackElo "2418"]
[Annotator "TA"]
[PlyCount "137"]
[EventDate "2018.08.15"]
[EventType "swiss"]
[EventCountry "RUS"]
[SourceTitle "playchess.com"]
[Source "ChessBase"]
[SourceQuality "1"]

{[%evp 13,137,0,-1,-25,-25,-29,-31,-45,0,-25,16,15,35,29,25,33,41,52,41,0,0,-100,0,-15,-10,-41,-27,-66,-59,-75,-52,-85,-42,-48,-40,-51,-32,-31,-23,-31,-27,-12,-6,-31,0,0,0,0,0,0,0,0,0,0,0,0,0,0,0,0,0,0,0,0,181,0,0,0,0,-135,-118,-324,0,0,0,-270,-264,-974,-921,-895,-821,-821,-797,-826,-832,-795,-782,-714,62,71,456,452,442,422,476,468,1251,1177,684,111,162,169,2308,1029,1004,963,921,798,12837,12837,12840,12840,12839,12837,12837,12835,12841,12840,12841,12838,12843,12841,12841,12839,12841,12841]} 1. e4 e5 2. Nf3 Nc6 3. Bb5 a6 4. Ba4 d6 5. Bxc6+ bxc6 6. d4 exd4 7. Nxd4 c5 {LiveBook: 95 Games} 8. Nf5 {C73: Ruy Lopez: Deferred Steinitz: 5 Bxc6+} (8. Nc6 Qd7 9. Na5 Nf6 10. O-O Be7 11. Re1 O-O 12. c4 c6 13. Bd2 d5 14. e5 Ne4 15. Nc3 Nxd2 16. Qxd2 {1-0 (64) Yu,Y (2751)-Mamedyarov,S (2799) Huaian 2017}) 8... g6 9. Ng3 $146 ({Predecessor:} 9. Ne3 Bg7 10. O-O Ne7 11. Nd2 Bb7 12. c3 O-O 13. Qc2 Qd7 14. Ndc4 Qe6 15. f3 Rae8 {1-0 (73) Vavulin,M (2092)-Zhurikhin,A (2214) Rybinsk 2010}) 9... Bg7 10. O-O {Black is slightly better.} h5 11. h3 h4 12. Ne2 Ne7 13. Nbc3 Bb7 14. Bg5 Rh5 15. Qd2 Qd7 16. Be3 O-O-O 17. Rab1 {[#]} (17. Rad1 $11 {remains equal.}) 17... f5 (17... d5 $1 $17 {[%cal Rd5d4]} 18. exd5 (18. Bxc5 d4 $17) 18... Nxd5) 18. b4 fxe4 19. Rfd1 {With the idea bxc5.} Nd5 20. bxc5 Nxe3 21. Qxe3 {[#] Black must now prevent cxd6.} Rxc5 22. Rb3 {Strongly threatening Rdb1.} Qf5 23. Nd4 Bxd4 24. Rxd4 Bc6 25. Qe2 Re8 26. Nd1 $1 a5 27. Ne3 Qe5 28. Rd1 g5 29. Rdb1 Kd7 30. c4 a4 31. Rb8 Rxb8 32. Rxb8 Qa1+ 33. Nf1 {aiming for Qh5.} e3 34. Qxe3 {[%csl Gb8][%cal Re3e8]} Re5 35. Qd3 Be4 36. Qe2 $1 Bg6 37. Qg4+ Bf5 38. Qf3 Be4 $2 (38... Bg6 $11 {and Black has nothing to worry.} 39. c5 (39. Qf6 $2 Re1 $19) 39... Rxc5) 39. Qf8 $2 (39. Qf7+ $18 Re7 40. Qf8) 39... Bd3 $36 {[%mdl 2048] Black has the initiative.} 40. Qc8+ Kc6 41. Qa6+ (41. Qb7+ $11 Kd7 42. Qc8+ Kc6 43. Qb7+ Kd7 44. Qc8+) 41... Kc5 $17 42. Qa7+ $2 (42. Rb7 $17 Qxf1+ 43. Kh2) 42... Kc6 $2 (42... Kxc4 $19 43. Qxc7+ (43. Qxa4+ $2 Kd5 $19) 43... Rc5 44. Qf7+ d5) 43. Qxa4+ Kc5 {Hoping for ...Kd4.} 44. Rb5+ $2 {[%mdl 8192]} (44. Qa7+ $11 Kc6 45. Qb7+ Kd7 46. Qc8+ Kc6 47. Qa6+ Kc5 48. Qa7+ Kc6 49. Qb7+ Kd7 50. Qc8+ Kc6 51. Qa6+ Kc5 52. Qa7+) 44... Kd4 $19 45. c5+ $2 (45. Rd5+ Rxd5 46. cxd5+ Bc4 47. Qa7+ Ke5 48. Kh2 Qxf1 49. Qe3+ Kxd5 50. Qxg5+ Kc6 51. Qxh4) 45... Bc4 46. cxd6 Qxf1+ 47. Kh2 Rxb5 48. Qa7+ c5 {( -> ...Rb1)} 49. Qg7+ Kd3 50. d7 Bd5 $2 (50... Rb8 $19 51. Qxg5 Qxf2 52. d8=R+ Rxd8 53. Qxd8+ Qd4) 51. Qxg5 $14 c4 $2 {[%mdl 8192]} (51... Rb8 $16 52. Qxd5+ Kc2 53. Qxc5+ Kb1) 52. d8=Q $18 Qxf2 53. a4 Rc5 54. Qg6+ Kd2 (54... Kc3 $142 55. Qb8 Qg3+ 56. Qgxg3+ hxg3+ 57. Kxg3 Be4) 55. Qdg5+ Qe3 56. Qc2+ $2 (56. Qxh4 $18 c3 57. Qf5) 56... Kxc2 $16 57. Qxe3 {[%mdl 4096] Endgame KQ-KRB} Rc6 $2 (57... Ra5 58. Qb6 Ra8) 58. Qd4 (58. Qe2+ $142 Kc1 59. Qf1+ Kb2 60. Qf5) 58... Rd6 $18 59. Qf4 Rd8 60. Qf6 Ra8 61. Qf5+ Kb3 62. Qxd5 Rxa4 {KQ-KR} 63. Qd1+ Kb4 64. Qb1+ Ka3 65. Qc2 Kb4 66. Qb2+ Ka5 67. Kg1 Rb4 68. Qa1+ Kb5 69. Kf2 {Precision: White = 49%, Black = 52%.} 1-0